000 00299nam a22001337a 4500
008 171005b xxu||||| |||| 00| 0 eng d
020 _a9780195104226
041 _aeng
080 _25TH
_a159.9
100 _a49
101 _aPSI
245 _aPSYCHIATRIC DIAGNOSIS
_cGOODWIN,D.W
942 _2udc
_cBK
999 _c32088
_d32088